000 04525nab a2200361 i 4500
003 BR-BrBNA
005 20250901173911.0
008 250901b2022 bl.mr|pooa||| 00| 0 eng |
040 _aBR-BrBNA
_beng
072 _aF60
_b0120
072 _aF06
100 _aLacerda, Francisco H. D.
100 _aPereira, Francisco H. F.
100 _aSilva, Francisco de A. da
100 _aQueiroga, Fabio M. de
100 _aBrito, Marcos E. B.
100 _aMedeiros, Joyce E. de
100 _aDias, Mirandy dos S.
245 _aPhysiology and growth of maize under salinity of water and application of hydrogen peroxide
500 _aPublicação on-line; 28 ref.; 6 illus; 3 tables; Sumaries (En, Pt)
520 _a ABSTRACT: The salinity of irrigation water or soil is the abiotic factor that most negatively impacts the yield of crops, including green maize, so it is necessary to find alternatives to ensure production. In this context, this study aimed to evaluate gas exchange, photosynthetic pigments, and growth of maize under salinity of irrigation water and application of hydrogen peroxide. The experiment was conducted at the Center of Sciences and Agrifood Technology, Pombal, PB, belonging to the Federal University of Campina Grande, in the period from January to February 2015, using the maize hybrid ‘AG 1051’. The treatments consisted of two salinity levels of irrigation water (0.3 and 2.0 dS m-1) and five concentrations of hydrogen peroxide (0, 40, 80, 160, and 320 µmol L-1) applied via irrigation water. The experimental design was completely randomized, in a 2 × 5 factorial scheme, with four replicates. ECw of 2.0 dS m-1 reduces transpiration, stomatal conductance, total chlorophyll, carotenoids, and initial growth, but does not affect the dry mass accumulation of maize plants. Application of H2 O2 via soil varying from 0 to 320 µmol L-1 causes reductions in the CO2 assimilation rate and transpiration, as well as at concentrations from 0 to 160 µmol L-1 for stomatal conductance of plants irrigated with ECw of 2.0 dS m-1. Application of H2O2 via soil up to a concentration of 320 µmol L-1 increases the plant height, but reduces culm diameter of maize. Key words: Zea mays L., saline water, mitigator
520 _a RESUMO: A salinidade da água de irrigação ou do solo são fatores abióticos que mais impacta negativamente na produtividade das culturas, entre elas, o milho verde, sendo necessário encontrar alternativas para garantir a produção. Nesse contexto, objetivou-se avaliar as trocas gasosas, os pigmentos fotossintéticos e o crescimento do milho sob salinidade da água de irrigação e aplicação de peróxido de hidrogênio. O experimento foi conduzido no Centro de Ciências e Tecnologia Agroalimentar, Pombal, PB, pertencente à Universidade Federal de Campina Grande, no período de janeiro a fevereiro de 2015, utilizando-se do híbrido de milho ‘AG 1051’. Os tratamentos foram constituídos por dois níveis de salinidade da água de irrigação (0,3 e 2,0 dS m-1) e cinco concentrações de peróxido de hidrogênio (0, 40, 80, 160 e 320 µmol L-1) aplicadas via água de irrigação. O delineamento experimental foi o inteiramente casualizado, no esquema fatorial 2 × 5, com quatro repetições. A CEa de 2,0 dS m-1 reduz a transpiração, condutância estomática, clorofila total, carotenóides e crescimento inicial, mas não afeta o acúmulo de massa seca das plantas de milho. A aplicação de H2O2 via solo variando de 0 a 320 µmol L-1 promoveu redução na taxa de assimilação de CO2 e transpiração, bem como em concentrações de 0 a 160 µmol L-1 para condutância estomática de plantas irrigadas com CEa de 2,0 dS m-1. Aplicação de H2O2 via solo até a concentração de 320 µmol L-1 aumentou a altura de plantas, porém reduziu o diâmetro do colmo de milho. Palavras-chave: Zea mays L., águas salinas, atenuante
650 _aMILHO VERDE
650 _aÁGUA SALINA
650 _aIRRIGAÇÃO
650 _aTROCA GASOSA
650 _aFOTOSSÍNTESE
650 _aFISIOLOGIA VEGETAL
773 0 _03534
_9317827
_dCampina Grande-PB Universidade Federal de Campina Grande. Centro de Ciências e Tecnologia 1997
_o2024-4546
_tRevista Brasileira de Engenharia Agrícola e Ambiental (Brazil)
_x1415-4366
_gv. 26 (11) p. 771-779; (2022)
_wBR2025003528
856 _uhttps://www.scielo.br/j/rbeaa/a/ZVbgS9d9xHtRdCPwfhCfnms/?format=pdf&lang=en
942 _cANA
999 _c337934
_d337934